Làng nghề - phố nghề Thăng Long - Hà Nội

Trình bày đôi nét về nghề thủ công Việt Nam. Giới thiệu nghề, một số làng nghề, phố nghề Thăng Long - Hà Nội. Thực trạng và nhu cầu phát triển nghề thủ công Thăng Long - Hà Nội

Đã lưu trong:
Sonraí Bibleagrafaíochta
Príomhúdar: Trần Quốc Vượng
Údair Eile: Đỗ Thị Hảo
Formáid: Leabhar
Teanga:Vietnamese
Foilsithe: H. Đại học Quốc gia Hà Nội 2010
Ábhair:
Clibeanna: Cuir Clib Leis
Gan Chlibeanna, Bí ar an gcéad duine leis an taifead seo a chlibeáil!
Thư viện lưu trữ: Mạng thư viện Đại học Đà Nẵng
LEADER 01573aam a22003738a 4500
001 000007054
003 3215
005 20111013151007.0
008 110926s2010 viesd
020 |d 2000b 
041 0 |a vie 
082 1 4 |2 14  |a 398.20959731  |b TR-V 
100 1 |a Trần Quốc Vượng 
245 1 0 |a Làng nghề - phố nghề Thăng Long - Hà Nội  |c Trần Quốc Vượng, Đỗ Thị Hảo 
260 |a H.  |b Đại học Quốc gia Hà Nội  |c 2010 
300 |a 465tr.  |b ảnh  |c 21cm 
500 |a ĐTTS ghi: Hội Văn nghệ Dân gian Việt Nam 
504 |a Phụ lục: tr. 335-450. - Thư mục: tr. 453-462 
520 |a Trình bày đôi nét về nghề thủ công Việt Nam. Giới thiệu nghề, một số làng nghề, phố nghề Thăng Long - Hà Nội. Thực trạng và nhu cầu phát triển nghề thủ công Thăng Long - Hà Nội 
650 7 |2 Bộ TK TVQG  |a Làng nghề 
650 7 |2 Bộ TK TVQG  |a Phố nghề 
650 7 |2 Bộ TK TVQG  |a Nghề thủ công truyền thống 
651 7 |2 Bộ TK TVQG  |a Hà Nội 
700 1 |a Đỗ Thị Hảo 
OWN |a LSP 
AVA |a UDN50  |b LSP  |d 398.20959731 TR-V  |e available  |t Error 5001 Not defined in file expand_doc_bib_avail.  |f 1  |g 0  |h N  |i 0  |k 1 
999 |a From the UDN01 
AVA |a UDN50  |b LSP  |d 398.20959731 TR-V  |e available  |t Error 5001 Not defined in file expand_doc_bib_avail.  |f 1  |g 0  |h N  |i 0  |k 1 
TYP |a Monograph 
TYP |a Printed language 
980 |a Mạng thư viện Đại học Đà Nẵng